[Event "Bayern-chTT (Oberliga)"]
[Site "Bayern 2008/09"]
[Date "2009.03.29"]
[Round "9.5"]
[White "Zehnter, Sebastian"]
[Black "Sternheimer, Erhard"]
[Result "1-0"]
[WhiteElo "2182"]
[BlackElo "2162"]
[PlyCount "75"]
[EventDate "2009.03.??"]
[EventType "team-tourn"]
[EventRounds "9"]
[WhiteTeam "Würzburg 1"]
[BlackTeam "Königshofen 1"]

1. e4 e5 2. f4 d5 3. exd5 exf4 4. Nf3 Nf6 5. Bc4 Bd6 6. O-O O-O 7. d4 Bg4 8.
Bb3 c6 9. c4 cxd5 10. cxd5 Nbd7 11. Nc3 a6 12. Qd3 Qc7 13. Bd2 Rac8 14. Rac1
Qb8 15. a4 Rfe8 16. Rf2 Re7 17. h3 Bxf3 18. Qxf3 g5 19. Qd3 Kh8 20. Bc2 Rg8 21.
h4 gxh4 22. Rcf1 Rg3 23. Qf5 h3 24. Ne2 Rxg2+ 25. Rxg2 hxg2 26. Rf2 Qe8 27.
Nxf4 Bxf4 28. Bxf4 Re1+ 29. Kxg2 Qg8+ 30. Kf3 Qg1 31. Qh3 Qh1+ 32. Qxh1 Rxh1
33. d6 Nd5 34. Bf5 N5f6 35. Be5 Kg8 36. Bxf6 Nxf6 37. d7 Nxd7 38. Bxd7 1-0

[Event "Bayern-chTT (Oberliga)"]
[Site "Bayern 2008/09"]
[Date "2009.03.29"]
[Round "9.8"]
[White "Schmid, Michael(77)"]
[Black "Kloster, Artur(93)"]
[Result "1-0"]
[WhiteElo "2152"]
[BlackElo "1627"]
[PlyCount "95"]
[EventDate "2009.03.??"]
[EventType "team-tourn"]
[EventRounds "9"]
[WhiteTeam "Königshofen 1"]
[BlackTeam "Würzburg 1"]

1. d4 Nf6 2. Nf3 d5 3. c4 c6 4. g3 Bf5 5. Nc3 e6 6. Bg2 Nbd7 7. O-O Be7 8. Nh4
O-O 9. Nxf5 exf5 10. cxd5 cxd5 11. Nxd5 Nxd5 12. Bxd5 Qb6 13. Qb3 Qxd4 14. Rd1
Qe5 15. Bf4 Qf6 16. Bxf7+ Rxf7 17. Rxd7 b6 18. h4 Bc5 19. Rad1 h6 20. h5 Re8
21. e3 Qe6 22. Rxf7 Kxf7 23. Rd7+ Re7 24. Qxe6+ Kxe6 25. Rxe7+ Kxe7 26. Be5 Kf7
27. Kg2 g5 28. g4 fxg4 29. Kg3 Bf8 30. Kxg4 Ke6 31. Bd4 Kf7 32. Kf5 Be7 33. e4
Bd8 34. e5 Be7 35. f3 Bf8 36. a4 Ke7 37. e6 a6 38. Bxb6 Bg7 39. Bc5+ Ke8 40. b4
g4 41. fxg4 Bc3 42. b5 axb5 43. axb5 Ba5 44. Kg6 Bd2 45. b6 Bf4 46. b7 Kd8 47.
Kf7 Bd6 48. Bb6+ 1-0

[Event "Bayern-chTT (Oberliga)"]
[Site "Bayern 2008/09"]
[Date "2009.03.29"]
[Round "9.1"]
[White "Petrik, Tomas"]
[Black "Cicak, Slavko"]
[Result "1-0"]
[WhiteElo "2475"]
[BlackElo "2541"]
[PlyCount "35"]
[EventDate "2009.03.??"]
[EventType "team-tourn"]
[EventRounds "9"]
[WhiteTeam "Bamberg-SC 1"]
[BlackTeam "Burgsinn 1"]

1. e4 c5 2. Nf3 d6 3. d4 cxd4 4. Nxd4 Nf6 5. Nc3 Nc6 6. Bg5 h6 7. Bxf6 gxf6 8.
Be2 h5 9. h4 a6 10. g3 Nxd4 11. Qxd4 e6 12. Na4 Qa5+ 13. c3 e5 14. Qb4 Qxb4 15.
cxb4 Be6 16. Nb6 Rb8 17. O-O Bg7 18. Rfd1 1-0

[Event "Bayern-chTT (Oberliga)"]
[Site "Bayern 2008/09"]
[Date "2009.03.29"]
[Round "9.2"]
[White "Klundt, Klaus"]
[Black "Cernousek, Lukas"]
[Result "0-1"]
[WhiteElo "2290"]
[BlackElo "2394"]
[PlyCount "48"]
[EventDate "2009.03.??"]
[EventType "team-tourn"]
[EventRounds "9"]
[WhiteTeam "Burgsinn 1"]
[BlackTeam "Bamberg-SC 1"]

1. e4 c5 2. Nf3 d6 3. Bb5+ Nd7 4. d4 Ngf6 5. Nc3 cxd4 6. Qxd4 e5 7. Qd3 h6 8.
Be3 a6 9. Ba4 b5 10. Bb3 Bb7 11. O-O-O Be7 12. Nd5 Bxd5 13. Bxd5 Nxd5 14. Qxd5
O-O 15. Kb1 Nf6 16. Qd3 Qc7 17. Nh4 Rfd8 18. Nf5 Bf8 19. Bc1 Qc6 20. f3 d5 21.
exd5 Rxd5 22. Qe2 Rad8 23. Rhe1 Rc5 24. c3 Nd5 0-1

[Event "Bayern-chTT (Oberliga)"]
[Site "Bayern 2008/09"]
[Date "2009.03.29"]
[Round "9.3"]
[White "Zvara, Petr"]
[Black "Chandler, Patrick"]
[Result "1-0"]
[WhiteElo "2401"]
[BlackElo "2217"]
[PlyCount "51"]
[EventDate "2009.03.??"]
[EventType "team-tourn"]
[EventRounds "9"]
[WhiteTeam "Bamberg-SC 1"]
[BlackTeam "Burgsinn 1"]

1. e4 d5 2. exd5 Qxd5 3. Nc3 Qd6 4. d4 Nf6 5. Nf3 c6 6. Ne5 Nbd7 7. Bf4 Nxe5 8.
dxe5 Qxd1+ 9. Rxd1 Nd7 10. e6 fxe6 11. Ne4 h6 12. Bc4 Kf7 13. h4 g6 14. Rh3 Bg7
15. Rf3 Bf6 16. h5 gxh5 17. Be2 h4 18. Rfd3 Nb6 19. Bh5+ Kg7 20. Nxf6 exf6 21.
b3 e5 22. Bc1 Bf5 23. R3d2 Rhg8 24. c4 Bg6 25. Bg4 h5 26. Bh3 1-0

[Event "Bayern-chTT (Oberliga)"]
[Site "Bayern 2008/09"]
[Date "2009.03.29"]
[Round "9.4"]
[White "Scheidt, Karlheinz"]
[Black "Sodoma, Jan"]
[Result "0-1"]
[WhiteElo "2082"]
[BlackElo "2305"]
[PlyCount "41"]
[EventDate "2009.03.??"]
[EventType "team-tourn"]
[EventRounds "9"]
[WhiteTeam "Burgsinn 1"]
[BlackTeam "Bamberg-SC 1"]

1. e4 e5 2. Nf3 Nc6 3. Bb5 a6 4. Ba4 Nf6 5. O-O Be7 6. Re1 b5 7. Bb3 d6 8. c3
O-O 9. h3 Na5 10. Bc2 c5 11. d4 Qc7 12. Nbd2 cxd4 13. cxd4 Rd8 14. Nf1 exd4 15.
Nxd4 d5 16. e5 Ne4 17. Bf4 Bc5 18. Rc1 Qb6 19. Be3 Nc4 20. b4 Bxb4 21. f3 0-1

[Event "Bayern-chTT (Oberliga)"]
[Site "Bayern 2008/09"]
[Date "2009.03.29"]
[Round "9.5"]
[White "Strube, Frank"]
[Black "Lodes, Hermann"]
[Result "1-0"]
[WhiteElo "2122"]
[BlackElo "2073"]
[PlyCount "49"]
[EventDate "2009.03.??"]
[EventType "team-tourn"]
[EventRounds "9"]
[WhiteTeam "Bamberg-SC 1"]
[BlackTeam "Burgsinn 1"]

1. Nf3 d5 2. g3 c6 3. Bg2 Bf5 4. d3 e6 5. Nbd2 Nf6 6. b3 Be7 7. Bb2 h6 8. c4
O-O 9. O-O Nbd7 10. Qc2 Bh7 11. Rfc1 Re8 12. Bc3 Bf8 13. Qb2 Qe7 14. Ne5 Nxe5
15. Bxe5 Nd7 16. Bc3 Qd6 17. d4 Nf6 18. b4 b5 19. c5 Qc7 20. a4 a6 21. Ra3 Rab8
22. axb5 axb5 23. Rca1 Nd7 24. Ra6 g5 25. e4 1-0

[Event "Bayern-chTT (Oberliga)"]
[Site "Bayern 2008/09"]
[Date "2009.03.29"]
[Round "9.6"]
[White "Krauss, Josef"]
[Black "Krauseneck, Peter ProfDr"]
[Result "0-1"]
[WhiteElo "2036"]
[BlackElo "2114"]
[PlyCount "42"]
[EventDate "2009.03.??"]
[EventType "team-tourn"]
[EventRounds "9"]
[WhiteTeam "Burgsinn 1"]
[BlackTeam "Bamberg-SC 1"]

1. e4 c6 2. d4 d5 3. exd5 cxd5 4. Bd3 Nc6 5. c3 Nf6 6. Bf4 Bg4 7. Qb3 Qd7 8.
Nd2 g6 9. Ngf3 Bf5 10. Ne5 Nxe5 11. Bxf5 gxf5 12. Bxe5 Bg7 13. Nf3 O-O 14. O-O
Rfc8 15. Rfe1 Rc6 16. Bxf6 Bxf6 17. Ne5 Bxe5 18. Rxe5 e6 19. Re3 Kh8 20. Qd1
Rg8 21. Qd2 Rg6 0-1

[Event "Bayern-chTT (Oberliga)"]
[Site "Bayern 2008/09"]
[Date "2009.03.29"]
[Round "9.7"]
[White "Krug, Stefan(63)"]
[Black "Gutzeit, Kurt"]
[Result "1-0"]
[WhiteElo "2083"]
[BlackElo "1940"]
[PlyCount "32"]
[EventDate "2009.03.??"]
[EventType "team-tourn"]
[EventRounds "9"]
[WhiteTeam "Bamberg-SC 1"]
[BlackTeam "Burgsinn 1"]

1. e4 c5 2. c3 Nc6 3. d4 cxd4 4. cxd4 d5 5. exd5 Qxd5 6. Nf3 Bg4 7. Nc3 Bxf3 8.
gxf3 Qxd4 9. Qxd4 Nxd4 10. Nb5 Nc2+ 11. Kd1 Nxa1 12. Nc7+ Kd7 13. Nxa8 e5 14.
Be3 b6 15. Bb5+ Kc8 16. Ke2 Kb8 1-0

[Event "Bayern-chTT (Oberliga)"]
[Site "Bayern 2008/09"]
[Date "2009.03.29"]
[Round "9.8"]
[White "Ruetzel, Wolfgang"]
[Black "Mikuta, Alexander"]
[Result "0-1"]
[WhiteElo "2023"]
[BlackElo "1965"]
[PlyCount "38"]
[EventDate "2009.03.??"]
[EventType "team-tourn"]
[EventRounds "9"]
[WhiteTeam "Burgsinn 1"]
[BlackTeam "Bamberg-SC 1"]

1. e4 c5 2. c4 g6 3. Nc3 Bg7 4. g3 d6 5. Bg2 Nf6 6. Nge2 O-O 7. O-O Na6 8. h3
Nc7 9. d4 cxd4 10. Nxd4 Ne6 11. Be3 Nxd4 12. Bxd4 e5 13. Be3 Be6 14. b3 a6 15.
Qd2 Ne8 16. Rfd1 f5 17. exf5 gxf5 18. f4 e4 19. Rac1 Rf7 0-1